| 000 | 00412nam a22001337a 4500 | ||
|---|---|---|---|
| 999 |
_c7704 _d7704 |
||
| 008 | 190308b ||||| |||| 00| 0 eng d | ||
| 020 | _a9789998081307 | ||
| 082 | _a344.046 T32f 2018 c.1 | ||
| 100 | _aTenzin, Karma | ||
| 245 |
_a50 years of Environmental Journey in Bhutan _bSustainable forestry Regime(1967-2017) |
||
| 260 |
_aBumthang ; _bUWICER Press, _c2018. |
||
| 300 |
_axviii, 414 p. _c27 cm. |
||
| 942 | _2ddc | ||